<?xml version="1.0" encoding="UTF-8"?>
<record
    xmlns:xsi="http://www.w3.org/2001/XMLSchema-instance"
    xsi:schemaLocation="http://www.loc.gov/MARC21/slim http://www.loc.gov/standards/marcxml/schema/MARC21slim.xsd"
    xmlns="http://www.loc.gov/MARC21/slim">

  <leader>01311nam a2200229 i 4500</leader>
  <controlfield tag="001">39649</controlfield>
  <controlfield tag="003">ES-MaACL</controlfield>
  <controlfield tag="005">20250725093848.0</controlfield>
  <controlfield tag="007">t|</controlfield>
  <controlfield tag="008">030303q1869    sp           ||||1| spa d</controlfield>
  <datafield tag="100" ind1="1" ind2=" ">
    <subfield code="a">C&#xE1;novas del Castillo, Antonio,</subfield>
    <subfield code="d">1828-1897</subfield>
    <subfield code="9">34600</subfield>
  </datafield>
  <datafield tag="245" ind1="1" ind2="0">
    <subfield code="a">Discursos parlamentarios 1867-1869 / </subfield>
    <subfield code="c">Antonio C&#xE1;novas del Castillo.</subfield>
  </datafield>
  <datafield tag="260" ind1=" " ind2=" ">
    <subfield code="a">Madrid : </subfield>
    <subfield code="b">[s.n., </subfield>
    <subfield code="c">1869] (</subfield>
    <subfield code="f">Diego Valero)</subfield>
  </datafield>
  <datafield tag="300" ind1=" " ind2=" ">
    <subfield code="a">1 v.</subfield>
  </datafield>
  <datafield tag="505" ind1="8" ind2=" ">
    <subfield code="a">Contiene: Discurso pronunciado en la sesi&#xF3;n del Congreso el d&#xED;a 11 de abril de 1867 ; Discurso pronunciado en la sesi&#xF3;n del Congreso el d&#xED;a 5 de junio de 1867 ; Discurso pronunciado en la sesi&#xF3;n del Congreso el d&#xED;a 15 de junio de 1867 contra el proyecto de reglamento ; Discurso pronunciado en la sesi&#xF3;n del Congreso el d&#xED;a 3 de julio de 1867 en contra del proyecto de arreglo de las deudas ; Discurso pronunciado en la sesi&#xF3;n del d&#xED;a 8 de abril de 1869 de las Cortes Constituyentes sobre el proyecto de Constituci&#xF3;n</subfield>
  </datafield>
  <datafield tag="651" ind1=" " ind2="7">
    <subfield code="a">Espa&#xF1;a-</subfield>
    <subfield code="x">Pol&#xED;tica y gobierno-</subfield>
    <subfield code="y">1843-1868</subfield>
    <subfield code="2"></subfield>
    <subfield code="9">168642</subfield>
  </datafield>
  <datafield tag="651" ind1=" " ind2="4">
    <subfield code="a">Espa&#xF1;a-</subfield>
    <subfield code="x">Pol&#xED;tica y gobierno-</subfield>
    <subfield code="y">1868-1874.</subfield>
    <subfield code="9">174889</subfield>
  </datafield>
  <datafield tag="710" ind1="1" ind2=" ">
    <subfield code="a">Espa&#xF1;a. </subfield>
    <subfield code="b">Cortes Generales. </subfield>
    <subfield code="b">Congreso.</subfield>
    <subfield code="9">3671</subfield>
  </datafield>
  <datafield tag="710" ind1="1" ind2=" ">
    <subfield code="a">Espa&#xF1;a. </subfield>
    <subfield code="b">Cortes Constituyentes (1869-1871)</subfield>
    <subfield code="9">172720</subfield>
  </datafield>
  <datafield tag="852" ind1="4" ind2=" ">
    <subfield code="a">ES-MaACL</subfield>
    <subfield code="j">F-12907</subfield>
  </datafield>
  <datafield tag="999" ind1=" " ind2=" ">
    <subfield code="c">39649</subfield>
    <subfield code="d">39649</subfield>
  </datafield>
  <datafield tag="952" ind1=" " ind2=" ">
    <subfield code="0">0</subfield>
    <subfield code="1">0</subfield>
    <subfield code="4">0</subfield>
    <subfield code="7">0</subfield>
    <subfield code="8">LIBXIX</subfield>
    <subfield code="a">ATENEOM</subfield>
    <subfield code="b">ATENEOM</subfield>
    <subfield code="c">SPP2</subfield>
    <subfield code="d">2008-01-17</subfield>
    <subfield code="e">SC</subfield>
    <subfield code="l">0</subfield>
    <subfield code="o">F-12907</subfield>
    <subfield code="p">1041757</subfield>
    <subfield code="r">2023-02-23 00:00:00</subfield>
    <subfield code="w">2023-02-23</subfield>
    <subfield code="y">MONANT</subfield>
  </datafield>
</record>
